02030cam a2200361 i 4500999001500000001000900015003000600024005001700030008004100047010001700088020002300105040002800128042000800156050002200164082001700186100004300203245010200246264004300348300002300391336002600414337002800440338002700468504005300495505068200548650002901230650003201259650002501291650003701316776015001353906004501503942001201548952010801560 c9221d922120802464GBCCL20241126110707.0190108s2019 ilu b 001 0 eng  a 2019000335 a9781433565267 (tp) aDLCbengcDLCerdadDLC apcc00aBR118b.O785 201900a230223bORT1 aOrtlund, Gavin,d1983-eauthor.91603710aTheological retrieval for evangelicals :bwhy we need our past to have a future /cGavin Ortlund. 1aWheaton, Illinois :bCrossway,c[2019] a218 pages ;c23 cm atextbtxt2rdacontent aunmediatedbn2rdamedia avolumebnc2rdacarrier aIncludes bibliographical references and indexes.0 aA manifesto for theological retrieval -- Can evangelicals retrieve patristic and medieval theology? -- Why evangelicals need theological retrieval -- Benefits and perils of theological retrieval -- Case studies in theological retrieval -- Explorations in a theological metaphor: Boethius, Calvin, and Torrance on the creator/creation distinction -- Divine simplicity in patristic and medieval perspective: resourcing a contemporary discussion -- Substitution as both satisfaction and recapitulation: atonement themes in convergence in Irenaeus, Anselm, and Athanasius -- Cultivating skill in the "art of arts:" pastoral balance in Gregory the Great's The book of pastoral rule. 0aTheologyxHistory.92329 0aTheologyxMethodology.9438 0aEvangelicalism.9178 0aReformed ChurchxDoctrines.961808iOnline version:aOrtlund, Gavin, 1983- author.tTheological retrieval for evangelicalsdWheaton : Crossway, 2019z9781433565274w(DLC) 2019021797 a7bcbccorignewd1eecipf20gy-gencatlg 2ddccBK 00102ddc4070aGBCbGBCcTHd2022-06-16l0o230 ORTp015658r2025-05-01 00:00:00tc.1w2022-06-16yBK